EDIF - Rómovia nielen na prvý pohľad

Podrobná bibliografia
Ďalší autori: Olšavská, Mária (Zostavovateľ, kompilátor)
Médium: Program E-kniha
Jazyk:slovenčina
rómsky jazyk
Fyzický popis:1 elektronický optický disk (CD-ROM) 12 cm
Vydavateľské údaje: Bratislava Metodicko-pedagogické centrum, alokované pracovisko Prešov 2008
ISBN:9788080455101 (elektronická kniha)
Vydanie:1. vyd.
Predmet:

MARC

LEADER 00000nam a2200000 a 4500
001 vtls009953480
003 SK-MaSNL
005 20260301083157.0
007 co bg mnuua
008 251104s2008 xo l fs 000 0 slo
015 |a SNBS2010/01-00521 
020 |a 9788080455101 (elektronická kniha) 
040 |a SNK  |b slo  |c SNK  |e AACR2 
041 0 |a slo  |a rom 
044 |a xo  |c SK 
072 7 |a 37  |x Výchova a vzdelávanie  |2 konspekt 
080 |a 37.018.43  |2 2001 
080 |a 316.7(=214.58)  |2 2001 
080 |a (=214.58)  |2 2001 
080 |a (0.034.44)  |2 2001 
245 1 |a EDIF - Rómovia nielen na prvý pohľad  |h elektronický zdroj  |c zostavovateľ: Mária Olšavská 
246 1 0 |a Rómovia nielen na prvý pohľad 
250 |a 1. vyd. 
260 |a Bratislava  |b Metodicko-pedagogické centrum, alokované pracovisko Prešov  |c 2008 
300 |a 1 elektronický optický disk (CD-ROM)  |c 12 cm 
366 |e 130 kusov 
500 |a Európsky sociálny fond 
500 |a Názov z disku 
516 |a Textový dokument (príručka), súbory vo formáte pdf a doc 
538 |a Technické požiadavky: Adobe Reader, Microsoft Word 
630 0 7 |a EDIF - Edukácia dištančnou formou (projekty)  |2 SNKPH  |9 344450 
650 0 7 |a Rómovia  |2 SNKPH  |9 1702 
650 0 7 |a rómska kultúra  |2 SNKPH  |9 889 
650 0 7 |a dištančné vzdelávanie  |2 SNKPH  |9 4329 
655 7 |a elektronické zdroje  |2 SNKPH  |9 90954 
655 7 |a CD-ROM  |2 SNKPH  |9 70236 
700 1 |a Olšavská, Mária  |4 com  |9 300409 
919 |a 978-80-8045-510-1 
958 |a RQ 
958 |a NM 
999 |c 659949  |d 661879 
952 |a SNK  |b SNK  |y PREZ  |7 0  |p 17A0632535  |o snkSCDM 2342  |i snk2009/17229  |8 0  |0 0  |1 0  |4 0  |d 2009-09-25  |l 0  |r 2026-02-23 18:50:44  |w 2026-02-23